Busiest Railway Stations in Scotland - Statistics

General Stats
  • This quiz has been taken 316 times
  • The average score is 10 of 20
Answer Stats
No. of Passenger Entries / Exits Station % Correct
23,334,430 Edinburgh Waverley
96%
32,915,936 Glasgow Central
96%
2,948,186 Aberdeen
95%
1,865,732 Dundee
91%
16,398,242 Glasgow Queen Street
90%
3,061,694 Haymarket
81%
2,503,092 Stirling
76%
1,676,046 Ayr
62%
1,419,098 Motherwell
56%
4,151,566 Paisley Gilmour Street
47%
2,698,692 Partick
45%
2,252,592 Charing Cross (Glasgow)
30%
1,411,372 Argyle Street
27%
1,415,502 Croy
26%
1,742,452 Hyndland
24%
1,847,792 Exhibition Centre (Glasgow)
22%
1,282,136 Bathgate
21%
1,262,808 Inverkeithing
19%
1,312,436 Mount Florida
16%
1,306,264 Johnstone
10%
No matching quizzes found
Score Distribution
Percent of People with Each Score
Percentile by Number Answered
Your Score History
You have not taken this quiz